| 000 | 01293 a2200325 4500 | ||
|---|---|---|---|
| 001 | 200129661 | ||
| 111 | 2 |
_990222 _aInternational Architectural Exhibition _n(12th : _d2010 : _cVenice, Italy) |
|
| 999 |
_c200129661 _d22022 |
||
| 003 | TR-AnTOB | ||
| 005 | 20240115095202.0 | ||
| 008 | 130604s2010 it 001 0 | ||
| 020 | _a978883170651 | ||
| 040 |
_aDLC _cDLC _dTR-AnTOB |
||
| 041 | _aeng | ||
| 050 | 0 | 0 |
_aNA687 _b.I58 2010 |
| 090 | _aNA687 .I58 2010 | ||
| 245 | 1 | 0 |
_aPeople meet in architecture : _bBiennale architettura 2010: _bla Biennale di Venezia, 12. Mostra internazionale di architettura/ _cdirector Kazuyo Sejima. |
| 246 | 3 | 0 | _a12. Mostra internazionale di architettura |
| 246 | 3 | 0 | _aBiennale architettura 2010 |
| 264 | 1 |
_a[Venice, Italy] : _bMarsilio, _c2010. |
|
| 300 |
_a2 v. : _bill. (chiefly col.) ; _c30 cm. |
||
| 504 | _aIncludes bibliographical references and index. | ||
| 505 | _av.1 exhibition -- v.2 participating countries/ collateral events. | ||
| 650 | 0 |
_aArchitecture, Modern _y21st century _vExhibitions _990226 |
|
| 650 | 0 |
_aArt, Modern _y21st century _vExhibitions _990225 |
|
| 650 | 7 |
_aSanat, Modern _y21. yüzyıl _vSergiler _2etuturkob _990223 |
|
| 650 | 7 |
_aMimari, Modern _y21. yüzyıl _vSergiler _2etuturkob _990224 |
|
| 700 | 1 |
_aSejima, Kazuyo _990221 |
|
| 942 | _cBK | ||